|
|
|
|
| LEADER |
01116nam a2200277 u 4500 |
| 001 |
10096472 |
| 003 |
upatras |
| 005 |
20210301115317.0 |
| 008 |
120305s2008 ge eng |
| 020 |
|
|
|a 9783899552171
|
| 040 |
|
|
|a GR-PaULI
|c GR-PaULI
|
| 041 |
0 |
|
|a eng
|
| 082 |
0 |
4 |
|a 741.6
|
| 245 |
1 |
0 |
|a Data flow
|b visualising information in graphic design
|c ; edited by Robert Klanten...[et al.]
|
| 260 |
|
|
|a Berlin
|b Gestalten
|c 2008
|
| 300 |
|
|
|a 255 p.
|b ill.
|c 31 cm.
|
| 504 |
|
|
|a Includes index
|
| 650 |
|
4 |
|a Γραφικές τέχνες
|x Ιστορία
|y 21ος αι.
|9 103968
|
| 650 |
|
4 |
|a Οπτική επικοινωνία
|9 45192
|
| 650 |
|
4 |
|a Επικοινωνία στο σχέδιο
|9 103969
|
| 700 |
1 |
|
|a Klanten, Robert
|4 edt
|9 103970
|
| 852 |
|
|
|a GR-PaULI
|b ΠΑΤΡΑ
|b ΑΡΧΙΤΕΚΤΟΝΙΚΗ
|k ΑΣΧΞ-2
|h 741.6 DAT
|m 007477
|p 025000180835
|t 1
|
| 942 |
|
|
|2 ddc
|c BK15
|
| 952 |
|
|
|0 0
|1 0
|4 0
|6 741_600000000000000_DAT
|7 0
|9 108032
|a ARCH
|b ARCH
|d 2016-04-24
|i 007477
|l 11
|m 6
|o 741.6 DAT
|p 025000180835
|r 2024-04-02 00:00:00
|s 2024-03-26
|t 1
|w 2016-04-24
|y BK15
|
| 998 |
|
|
|c Κηπουργού
|d 2012-03
|
| 999 |
|
|
|c 72562
|d 72562
|